000 00717nam a2200253Ia 4500
003 GCL
008 140319s9999 xx 000 0 ara d
040 _aGCL /
_cGCL
082 0 4 _a814
_bق ع
100 1 _aقدرى حافظ طوقان
245 1 0 _aالعلم مع الحياة فى مقالات ودراسات /
_cقدرى حافظ طوقان
260 _a[S.N] :
_bمكتبة المعارف ،
_c1987
300 _a197 ص
490 _a
650 0 4 _aالادب العربى
650 0 4 _aالعلماء
650 0 4 _aفلسفة
650 0 4 _aالادب
650 0 4 _aالحضارة
650 0 4 _aالحكم
650 0 4 _aمقالات ومحاضرات
650 0 4 _aسياسة
942 _2ddc
_cBK
999 _c30646
_d30646